Estimación de los factores condicionantes de la adquisición de competencias académicas en América Latina en presencia de endogeneidad (Registro nro. 34753)

Detalles MARC
000 -LEADER
fixed length control field 00507 a2200133 4500
001 - CONTROL NUMBER
control field ART_46674
005 - DATE AND TIME OF LATEST TRANSACTION
control field 20260410162039.0
008 - FIXED-LENGTH DATA ELEMENTS--GENERAL INFORMATION
fixed length control field 260409a
100 1# - MAIN ENTRY--PERSONAL NAME
Personal name Castro Aristizabal, Geovanny
245 10 - TITLE STATEMENT
Title Estimación de los factores condicionantes de la adquisición de competencias académicas en América Latina en presencia de endogeneidad
700 1# - ADDED ENTRY--PERSONAL NAME
Personal name Giménez, Gregorio
700 1# - ADDED ENTRY--PERSONAL NAME
Personal name Pérez Ximénez De Embún, Domingo
773 0# - HOST ITEM ENTRY
Title Revista Cepal
Related parts - Nº 124 (abr. 2018)
Record control number REV45125

No hay ítems disponibles.